La gringa

Zapisane w:
Opis bibliograficzny
1. autor: Sánchez, Florencio
Format: Książka
Język:Undetermined
Wydane: Buenos Aires, Argentina Huemul 1965
Wydanie:2
Hasła przedmiotowe:
Etykiety: Dodaj etykietę
Nie ma etykietki, Dołącz pierwszą etykiete!

MARC

LEADER 00000nam a2200000Ia 4500
008 170316s9999 xx 000 0 und d
040 |a cru BVZT 
090 |a 860 S-8g 
100 |a Sánchez, Florencio 
245 |a La gringa 
250 |a 2 
260 |a Buenos Aires, Argentina 
260 |b Huemul 
260 |c 1965 
300 |a 110 páginas 
650 |a LITERATURA LATINOAMERICANA 
999 |c 9260  |d 9260 
942 |c 15 D  |h 860 S-8g  |2 z